[Event "Open"]
[Site "Cappelle la Grande FRA"]
[Date "2003.02.28"]
[Round "8"]
[White "Vysochin,S"]
[Black "Gajewski,G"]
[Result "1/2-1/2"]
[WhiteElo "2554"]
[BlackElo "2436"]
[EventDate "2003.02.22"]

1. e4 c5 2. c3 e5 3. Nf3 Nc6 4. Bc4 Be7 5. O-O Nf6 6. d3 O-O 7. Re1 d6 8.
a4 a6 9. Nbd2 Rb8 10. Nf1 b5 11. Ba2 b4 12. Ne3 Qa5 13. Bd2 Bd7 14. h3 Rb7
15. d4 cxd4 16. cxd4 Nxd4 17. Nxd4 exd4 18. Nd5 Nxd5 19. Bxd5 Rbb8 20. Bf4
Be6 21. Qb3 Bxd5 22. exd5 Rb7 23. Rad1 Bf6 24. Bxd6 Rd8 25. Bg3 h5 26. d6
Qf5 27. Rd3 Rc8 28. Rf3 Qg5 29. Bf4 Qc5 30. Qd3 Qa5 31. Bg3 Qxa4 32. Rxf6
gxf6 33. Qxd4 Re8 34. Rc1 Re6 35. Kh2 Kg7 36. Rc5 Qd7 37. Rxh5 Rb5 38. Rh4
Rg5 39. Qxb4 Re8 40. Qd4 Qc6 41. Rf4 Rg6 42. Rf3 Re1 43. Qd2 Re8 44. d7 Rd8
45. Rd3 Kh7 46. Rd6 Qb7 47. Qd4 Kg8 48. Rd5 Rg5 49. Rd6 Rg6 50. h4 f5 51.
Rxg6+ fxg6 52. Qf6 Qxd7 53. Qxg6+ Kf8 54. Qxa6 Qf7 55. Qh6+ Qg7 56. Qe6 Qf7
57. Qe3 Qf6 58. Qc5+ Kf7 59. Qc7+ Qe7 60. Qxe7+ Kxe7 61. Be5 Ke6 62. Bc3 f4
63. h5 Rd5 64. Kh3 Rg5 65. g4 fxg3 66. fxg3 Rxh5+ 67. Kg4 Rc5 68. Kf3 Rc4
69. g4 Ra4 70. Kg3 Kf7 71. Kf3 Ke6 72. Bd2 Rd4 73. Bc3 1/2-1/2

[Event "Open"]
[Site "Cappelle la Grande FRA"]
[Date "2003.02.28"]
[Round "8"]
[White "Janev,E"]
[Black "Burmakin,V"]
[Result "0-1"]
[WhiteElo "2465"]
[BlackElo "2575"]
[EventDate "2003.02.22"]

1. c4 e6 2. e3 d5 3. d4 Nf6 4. Nc3 Be7 5. Nf3 O-O 6. Bd3 b6 7. O-O Bb7 8.
b3 Ne4 9. Bb2 Nxc3 10. Bxc3 dxc4 11. bxc4 c5 12. Qc2 h6 13. Rfd1 Qc7 14. d5
exd5 15. cxd5 Nd7 16. Bh7+ Kh8 17. Bf5 Rad8 18. e4 Bf6 19. d6 Qc6 20. Bxf6
Nxf6 21. e5 Nd7 22. Re1 Rfe8 23. Be4 Qc8 24. Re3 Bxe4 25. Qxe4 Re6 26. Qf5
Rg8 27. Nd2 c4 28. f4 Qc5 29. Rae1 Nf6 30. Kh1 Rxd6 31. Rg3 c3 32. Nf3 c2
33. Qh3 Ne4 34. Rxe4 c1=Q+ 35. Re1 Rd1 0-1

[Event "Open"]
[Site "Cappelle la Grande FRA"]
[Date "2003.02.28"]
[Round "8"]
[White "Brodsky,M"]
[Black "Klovans,J"]
[Result "0-1"]
[WhiteElo "2550"]
[BlackElo "2417"]
[EventDate "2003.02.22"]

1. e4 e5 2. Nf3 Nc6 3. Bb5 a6 4. Ba4 Nf6 5. O-O Be7 6. Re1 b5 7. Bb3 d6 8.
c3 O-O 9. d3 Na5 10. Bc2 c5 11. Nbd2 Re8 12. Nf1 Bb7 13. d4 cxd4 14. cxd4
exd4 15. Nxd4 g6 16. Bh6 Rc8 17. Ng3 Nc4 18. b3 Ne5 19. Bf4 Bf8 20. a4 Nc6
21. Nxc6 Bxc6 22. axb5 Bxb5 23. Rc1 Qe7 24. Qd2 Ng4 25. h3 Ne5 26. Rcd1 Qc7
27. Bb1 Qc3 28. Qa2 Qc7 29. Nf1 Bxf1 30. Rxf1 Qb7 31. Rfe1 Rc3 32. b4 Rec8
33. Re2 R3c4 34. Bd2 Rd4 35. Ree1 Nc4 36. Bc3 Rxd1 37. Rxd1 Ne5 38. Qb3 Qc6
39. Be1 Qc4 40. Qxc4 Nxc4 41. Rc1 Bh6 42. Rc2 d5 43. Ba2 Re8 44. Bxc4 dxc4
45. Rxc4 f5 46. f3 Bf8 47. Kf2 fxe4 48. fxe4 Rb8 49. Ke3 Rb6 50. Kd3 Kf7
51. Rc7+ Ke6 52. Kc4 Be7 53. Bc3 Kd6 54. Ra7 Ke6 55. Bd2 h5 56. Bc3 Rc6+
57. Kb3 Bf6 58. Bxf6 Kxf6 59. Ka4 Rb6 60. g3 Ke5 61. Re7+ Kd4 62. e5 Kd5
63. e6 Ke5 64. Re8 Kf5 65. e7 Kf6 66. h4 Kf7 67. Ka5 Rxb4 0-1

[Event "Open"]
[Site "Cappelle la Grande FRA"]
[Date "2003.02.28"]
[Round "8"]
[White "Jaracz,P"]
[Black "Bagheri,A"]
[Result "1-0"]
[WhiteElo "2546"]
[BlackElo "2431"]
[EventDate "2003.02.22"]

1. e4 c6 2. c4 d5 3. exd5 cxd5 4. cxd5 Nf6 5. Nc3 Nxd5 6. Nf3 e6 7. d4 Be7
8. Bd3 Nc6 9. O-O O-O 10. Re1 Bf6 11. Be4 Qd6 12. a3 Rd8 13. Bc2 Qf8 14.
Ne4 Be7 15. Qd3 g6 16. h4 Qg7 17. Bg5 h6 18. Bd2 b6 19. Bb3 Bb7 20. Rad1
Rac8 21. Nc3 Nxc3 22. Bxc3 Bf6 23. Qe3 Ne7 24. Ne5 Bd5 25. Bxd5 Rxd5 26. g3
Nf5 27. Qe2 h5 28. Rd3 a5 29. a4 Rcd8 30. Red1 Qf8 31. R3d2 Qe8 32. b3 Rc8
33. Bb2 b5 34. axb5 Bxe5 35. dxe5 Qxb5 36. Qxb5 Rxb5 37. Rd8+ Rxd8 38.
Rxd8+ Kh7 39. Bc3 Ne7 40. Rd7 Nd5 41. Bd2 Kg7 42. Ra7 Rxb3 43. Rxa5 Rb2 44.
Bg5 Rb8 45. Kg2 Kf8 46. Ra7 Ke8 47. Kf3 Rc8 48. Rb7 Rc7 49. Rb8+ Kd7 50.
Rf8 Kc6 51. Ke4 Kc5 52. Bd2 Kc4 53. Rb8 Rd7 54. Rc8+ Kb3 55. Bh6 Ra7 56.
Bf8 Ra3 57. Kf3 Ra7 58. Bd6 Nc3 59. Kf4 Ra2 60. Kf3 Nb5 61. Ke3 Nc3 62. Kd3
Nd5 63. Rb8+ Ka4 64. Bc5 f6 65. exf6 Nxf6 66. Bd4 1-0

[Event "Open"]
[Site "Cappelle la Grande FRA"]
[Date "2003.02.28"]
[Round "8"]
[White "Nalbandian,T"]
[Black "Hernandez,Gi"]
[Result "1-0"]
[WhiteElo "2465"]
[BlackElo "2542"]
[EventDate "2003.02.22"]

1. Nf3 g6 2. g3 Bg7 3. d4 Nf6 4. Bg2 O-O 5. O-O d6 6. c4 a6 7. Nc3 Nc6 8.
b3 Rb8 9. a4 a5 10. h3 h6 11. e4 e5 12. Be3 Nd7 13. Qd2 exd4 14. Nxd4 Nc5
15. Rab1 Kh7 16. Rfd1 Bd7 17. Ndb5 b6 18. Nd5 Ne5 19. Ndxc7 Bxh3 20. f4
Bxg2 21. Qxg2 Ng4 22. Bxc5 bxc5 23. Qf3 Qc8 24. Rxd6 Bd4+ 25. Nxd4 Qxc7 26.
e5 Nxe5 27. fxe5 cxd4 28. Qd5 Qe7 29. Kg2 d3 30. Rf1 Qb7 31. Qxb7 Rxb7 32.
Rxd3 Re8 33. Rd5 Rxb3 34. Rxf7+ Kg8 35. Rf6 Rb4 36. Rxg6+ Kh7 37. Rc6 1-0

[Event "Open"]
[Site "Cappelle la Grande FRA"]
[Date "2003.02.28"]
[Round "8"]
[White "Kveinys,A"]
[Black "Sapis,W"]
[Result "1-0"]
[WhiteElo "2541"]
[BlackElo "2413"]
[EventDate "2003.02.22"]

1. e4 c6 2. d4 d5 3. Nd2 dxe4 4. Nxe4 Bf5 5. Ng3 Bg6 6. Bc4 Nd7 7. Nh3 Ngf6
8. O-O Nb6 9. Bb3 a5 10. a4 e6 11. f4 Qd7 12. Qe2 Be7 13. Ng5 Nfd5 14. c3
O-O 15. h4 Nc8 16. h5 Bf5 17. h6 gxh6 18. N5e4 Nf6 19. Nxf6+ Bxf6 20. Nh5
Qe7 21. g4 Bg6 22. Ng3 Bh4 23. Kg2 Bxg3 24. Kxg3 h5 25. f5 exf5 26. Qxe7
Nxe7 27. Bg5 Rfe8 28. Bxe7 f4+ 29. Kh4 Rxe7 30. gxh5 Bf5 31. Rxf4 Be6 32.
Rg1+ Kh8 33. Re1 Rae8 34. Bxe6 fxe6 35. Re5 b6 36. Rf6 b5 37. axb5 cxb5 38.
Rxb5 e5 39. d5 e4 40. d6 Rd7 41. h6 e3 42. Re5 Rdd8 43. Rxe8+ Rxe8 44. d7
Rd8 45. Re6 1-0

[Event "Open"]
[Site "Cappelle la Grande FRA"]
[Date "2003.02.28"]
[Round "8"]
[White "Geller,J"]
[Black "Rausis,I"]
[Result "1-0"]
[WhiteElo "2448"]
[BlackElo "2537"]
[EventDate "2003.02.22"]

1. e4 c5 2. Nf3 Nc6 3. d4 cxd4 4. Nxd4 g6 5. c4 Bg7 6. Be3 Nf6 7. Nc3 O-O
8. Be2 d6 9. O-O Bd7 10. Nc2 Ne5 11. f3 Re8 12. Qd2 Bc6 13. Rfd1 b6 14.
Rac1 Bb7 15. b3 Ned7 16. Nd4 a6 17. b4 Rc8 18. a4 Ne5 19. Nd5 Nfd7 20. Nb3
e6 21. Nf4 Bf8 22. a5 Qc7 23. axb6 Nxb6 24. Na5 Red8 25. Nd5 Nxd5 26. cxd5
Qb8 27. dxe6 fxe6 28. Nxb7 Qxb7 29. Rxc8 Rxc8 30. Qa2 Re8 31. Rb1 d5 32.
Qxa6 Qxa6 33. Bxa6 Nc4 34. Bf4 Ra8 35. b5 Bc5+ 36. Kh1 Ra7 37. Rd1 Rf7 38.
g3 Kg7 39. exd5 Rd7 40. Bc8 Rxd5 41. Rc1 e5 42. Bb7 Rd4 43. Bxe5+ Nxe5 44.
Rxc5 Rd1+ 45. Kg2 Rd2+ 46. Kf1 Kf6 47. h4 h6 48. Be4 g5 1-0

[Event "Open"]
[Site "Cappelle la Grande FRA"]
[Date "2003.02.28"]
[Round "8"]
[White "Miroshnichenko,E"]
[Black "Romanov,O"]
[Result "1-0"]
[WhiteElo "2538"]
[BlackElo "2407"]
[EventDate "2003.02.22"]

1. Nf3 b5 2. e4 a6 3. d4 Bb7 4. Bd3 e6 5. O-O c5 6. c3 h6 7. Re1 Nf6 8. a4
c4 9. Bc2 d5 10. e5 Nfd7 11. Nbd2 bxa4 12. Bxa4 Bc6 13. Bc2 a5 14. Nf1 Nb6
15. Ng3 a4 16. h4 Bb5 17. h5 Nc6 18. Nh2 Na5 19. Be3 Nb3 20. Rb1 Qh4 21.
Qf3 Qe7 22. Qg4 O-O-O 23. f4 Qa7 24. f5 Bd7 25. Ne2 a3 26. bxa3 exf5 27.
Bxf5 Qxa3 28. Nf3 Re8 29. Nf4 Qa5 30. Nd2 Qb5 31. Bxd7+ Nxd7 32. Qe2 Qc6
33. Nxb3 cxb3 34. Rxb3 Be7 35. c4 Qa4 36. Reb1 dxc4 37. Rc3 Kd8 38. Rxc4
Qa8 39. e6 Qe4 40. Rbc1 Nb6 41. d5 1-0

[Event "Open"]
[Site "Cappelle la Grande FRA"]
[Date "2003.02.28"]
[Round "8"]
[White "Kovchan,A"]
[Black "Ghane,S"]
[Result "1-0"]
[WhiteElo "2536"]
[BlackElo "2405"]
[EventDate "2003.02.22"]

1. e4 e6 2. d4 d5 3. Nc3 Nc6 4. e5 Nge7 5. Nf3 b6 6. h4 Bb7 7. h5 Qd7 8. h6
f6 9. Bb5 a6 10. Bxc6 Bxc6 11. hxg7 Bxg7 12. Bh6 Ng6 13. exf6 Bxf6 14. Qe2
Bb7 15. O-O-O O-O-O 16. Rh5 Kb8 17. Bg5 Bxg5+ 18. Rxg5 Rhf8 19. Qe3 Rf6 20.
Ne2 Rdf8 21. Rh1 Bc8 22. Kb1 Qe7 23. Nc1 Nf4 24. Ne5 Bd7 25. f3 Be8 26.
Ncd3 Nxd3 27. Qxd3 h6 28. Rgh5 Qg7 29. R5h2 Kb7 30. g4 Qg5 31. Qd2 Qxd2 32.
Rxd2 h5 33. b3 Rg8 34. Rdh2 hxg4 35. fxg4 Bb5 36. Kc1 Rf4 37. a4 Bf1 38. c3
a5 39. Rh8 Rxh8 40. Rxh8 Rf2 41. g5 Rg2 42. g6 b5 43. Re8 bxa4 44. bxa4 Rg1
45. Kd2 Bh3 46. Re7 Bf5 47. g7 Bh7 48. Nd7 Rg6 49. Ke3 Bg8 50. Kf4 Bh7 51.
Nf8 Rf6+ 52. Ke5 1-0

[Event "Open"]
[Site "Cappelle la Grande FRA"]
[Date "2003.02.28"]
[Round "8"]
[White "Jedynak,R"]
[Black "Nogueiras,J"]
[Result "1/2-1/2"]
[WhiteElo "2432"]
[BlackElo "2528"]
[EventDate "2003.02.22"]

1. d4 d6 2. c4 Nf6 3. Nc3 Bf5 4. g3 e5 5. Bg2 exd4 6. Qxd4 Nc6 7. Qd2 g6 8.
e4 Be6 9. b3 Bg7 10. Bb2 a5 11. Nge2 a4 1/2-1/2

[Event "Open"]
[Site "Cappelle la Grande FRA"]
[Date "2003.02.28"]
[Round "8"]
[White "Sprenger,J"]
[Black "Hauchard,A"]
[Result "1-0"]
[WhiteElo "2431"]
[BlackElo "2512"]
[EventDate "2003.02.22"]

1. e4 c6 2. d4 d5 3. exd5 cxd5 4. c4 Nf6 5. Nc3 Nc6 6. Nf3 Bg4 7. cxd5 Nxd5
8. Qb3 Bxf3 9. gxf3 e6 10. Qxb7 Nxd4 11. Bb5+ Nxb5 12. Qc6+ Ke7 13. Qxb5
Nxc3 14. bxc3 Qd5 15. Rb1 Qxb5 16. Rxb5 Kd6 17. Rb7 f6 18. Rg1 Kc6 19. Rf7
h5 20. Ke2 a5 21. Bf4 e5 22. Be3 Kd5 23. Rd1+ Ke6 24. Rc7 a4 25. c4 Kf5 26.
Rb1 h4 27. h3 Re8 28. c5 g6 29. Ra7 Bh6 30. Ra6 Ref8 31. Bxh6 Rxh6 32. Rxa4
Rh7 33. c6 Rc8 34. Rc4 Re7 35. a4 Ke6 36. a5 Kd5 37. Kd3 f5 38. a6 g5 39.
Rc3 Ra8 40. Kc2 Kd6 41. Kb3 e4 42. Ka4 exf3 43. Rd3+ Ke5 44. Rxf3 g4 45.
Rc3 Rg8 46. Rb7 Ree8 47. a7 Ra8 48. hxg4 fxg4 49. c7 g3 50. fxg3 hxg3 51.
Kb5 g2 52. Rc1 Kd6 53. Rb8 1-0

[Event "Open"]
[Site "Cappelle la Grande FRA"]
[Date "2003.02.28"]
[Round "8"]
[White "Makarov,M"]
[Black "Abergel,T"]
[Result "1/2-1/2"]
[WhiteElo "2512"]
[BlackElo "2365"]
[EventDate "2003.02.22"]

1. Nf3 c5 2. c4 Nc6 3. Nc3 g6 4. e3 Nf6 5. d4 cxd4 6. exd4 d5 7. cxd5 Nxd5
8. Qb3 Nxc3 9. Bc4 Nd5 10. Bxd5 e6 11. Bxc6+ bxc6 12. O-O Bg7 13. Bf4 O-O
14. Qe3 Re8 15. Bh6 Bh8 16. Rac1 Bb7 17. Ne5 Qd5 18. Rc5 Qxa2 19. Qf3 f6
20. Nd7 f5 1/2-1/2

[Event "Open"]
[Site "Cappelle la Grande FRA"]
[Date "2003.02.28"]
[Round "8"]
[White "Zontakh,A"]
[Black "Etchegaray,P"]
[Result "1-0"]
[WhiteElo "2508"]
[BlackElo "2344"]
[EventDate "2003.02.22"]

1. e4 c5 2. Nf3 Nc6 3. d4 cxd4 4. Nxd4 Nf6 5. Nc3 e5 6. Ndb5 d6 7. Bg5 a6
8. Na3 b5 9. Bxf6 gxf6 10. Nd5 f5 11. c3 Bg7 12. exf5 Bxf5 13. Nc2 Ne7 14.
Bd3 Nxd5 15. Bxf5 Ne7 16. Ne3 d5 17. Qg4 O-O 18. Rd1 d4 19. Be4 f5 20. Nxf5
Nxf5 21. Bxf5 Qf6 22. Be6+ Kh8 23. O-O dxc3 24. bxc3 Rad8 25. Bd5 Qf4 26.
Qe2 Rd6 27. g3 Qf6 28. Be4 Rfd8 29. Rxd6 Qxd6 30. Qg4 Bf6 31. Re1 Qd2 32.
Re2 Qd6 33. Kg2 Qd7 34. Qh5 Qe7 35. Re3 Rg8 36. Rf3 Rf8 37. Qh6 Qg7 38. Qh3
Rf7 39. Qc8+ 1-0

[Event "Open"]
[Site "Cappelle la Grande FRA"]
[Date "2003.02.28"]
[Round "8"]
[White "Zufic,M"]
[Black "Legky,N"]
[Result "0-1"]
[WhiteElo "2424"]
[BlackElo "2507"]
[EventDate "2003.02.22"]

1. e4 e6 2. d4 d5 3. Nc3 a6 4. Bd3 Nc6 5. Nf3 Nb4 6. Be2 Nf6 7. e5 Ne4 8.
O-O Nc6 9. Be3 Nxc3 10. bxc3 Na5 11. Nd2 Qd7 12. c4 Nxc4 13. Nxc4 dxc4 14.
Bxc4 b5 15. Bd3 Bb7 16. Qg4 g6 17. f3 Bg7 18. a4 O-O 19. Rfb1 Bc6 20. axb5
axb5 21. Be4 Bd5 22. Bxd5 Qxd5 23. Qe4 Ra4 24. Qd3 Rc4 25. Ra5 Rb8 26. Qb3
c6 27. c3 Bf8 28. Qb2 Qd8 29. Rba1 h5 30. Qb3 Kg7 31. Ra7 Qd5 32. Rc7 Ra4
33. Qd1 Qc4 34. Rc1 Ra2 35. Qe1 Kg8 36. Qh4 Qe2 37. Bf2 Rba8 38. h3 Qd2 39.
Rf1 Bg7 40. Qe7 Qf4 41. Bg3 Qf5 42. Rxc6 Rc2 43. Qh4 b4 44. d5 exd5 45.
Qxb4 Raa2 46. Bf2 Bxe5 47. Qh4 Qf4 48. Rc8+ Kh7 0-1

[Event "Open"]
[Site "Cappelle la Grande FRA"]
[Date "2003.02.28"]
[Round "8"]
[White "Fercec,N"]
[Black "Sanchez,Joseph"]
[Result "0-1"]
[WhiteElo "2484"]
[BlackElo "2307"]
[EventDate "2003.02.22"]

1. e4 c5 2. Nf3 Nc6 3. d4 cxd4 4. Nxd4 Nf6 5. Nc3 e5 6. Ndb5 d6 7. Bg5 a6
8. Na3 b5 9. Bxf6 gxf6 10. Nd5 Bg7 11. Bd3 Ne7 12. Nxe7 Qxe7 13. O-O O-O
14. c3 f5 15. exf5 e4 16. Re1 Bxf5 17. Nc2 Qb7 18. Ne3 Be6 19. Bc2 d5 20.
Bb3 Rad8 21. Qh5 f5 22. Rad1 b4 23. cxb4 Bxb2 24. Re2 Bc3 25. g4 Kh8 26.
gxf5 Bf7 27. Qh4 Qxb4 28. Ng4 Bg8 29. Re3 Rd7 30. Rg3 e3 31. fxe3 Rg7 32.
Rf1 Be1 33. f6 Rg6 34. Rf4 Bxg3 35. hxg3 Qe1+ 36. Kg2 Qe2+ 37. Nf2 Qb2 38.
g4 Rgxf6 39. g5 Rxf4 40. exf4 Qd2 41. Kf3 d4 42. Bxg8 Kxg8 43. g6 hxg6 44.
Qg5 Qe3+ 45. Kg4 Kg7 0-1

[Event "Open"]
[Site "Cappelle la Grande FRA"]
[Date "2003.02.28"]
[Round "8"]
[White "Pigott,J"]
[Black "Fominyh,A"]
[Result "1/2-1/2"]
[WhiteElo "2382"]
[BlackElo "2551"]
[EventDate "2003.02.22"]

1. c4 Nf6 2. g3 g6 3. Bg2 Bg7 4. Nc3 O-O 5. Nf3 d6 6. O-O c6 7. d3 a6 8. e4
e5 9. h3 Nbd7 10. Be3 Re8 11. Qc2 b5 12. b4 Bb7 13. Nd2 Rc8 14. Nb3 d5 15.
exd5 cxd5 16. c5 Nb8 17. Na5 Ba8 18. d4 e4 19. a4 bxa4 20. Nxa4 Nfd7 21.
Nc3 Nf8 22. Qd2 Ne6 23. Na4 Nc6 24. Nxc6 Bxc6 25. Nc3 Bb7 26. Rfb1 Rf8 27.
f3 f5 28. fxe4 fxe4 29. Rf1 Rxf1+ 30. Rxf1 Rc7 31. Ne2 g5 32. Rf5 Bf6 33.
Nc3 Ng7 34. Rf1 Rf7 35. Qa2 Qd7 36. Nxe4 Bxd4 37. Bxd4 dxe4 38. Rxf7 Qxf7
39. Qxf7+ Kxf7 40. Bxg7 Kxg7 41. Kf1 Kf6 42. Ke2 Ke5 43. Ke3 h6 44. Bf1 Bc8
45. Bg2 Kd5 46. Bf1 Bb7 47. g4 Bc8 48. Bg2 Bb7 49. Bf1 1/2-1/2

[Event "Open"]
[Site "Cappelle la Grande FRA"]
[Date "2003.02.28"]
[Round "8"]
[White "Moltchanov,R"]
[Black "Lalic,B"]
[Result "1/2-1/2"]
[WhiteElo "2380"]
[BlackElo "2547"]
[EventDate "2003.02.22"]

1. e4 e6 2. d4 d5 3. Nc3 Bb4 4. e5 c5 5. a3 Bxc3+ 6. bxc3 Ne7 7. Nf3 b6 8.
a4 Ba6 9. Bb5+ Bxb5 10. axb5 h6 11. O-O O-O 12. dxc5 bxc5 13. c4 Nd7 14.
Qe2 Nb6 15. cxd5 Qxd5 16. Rd1 Qc4 17. Qxc4 Nxc4 18. Ba3 Rfc8 19. Nd2 Nxd2
20. Rxd2 a6 21. b6 Rab8 22. Rd7 Ng6 23. b7 Rc6 24. Rad1 Nf8 25. Re7 Ng6 26.
Red7 Nf8 27. Re7 Ng6 28. Red7 1/2-1/2

[Event "Open"]
[Site "Cappelle la Grande FRA"]
[Date "2003.02.28"]
[Round "8"]
[White "Payen,A"]
[Black "Jakubiec,A"]
[Result "0-1"]
[WhiteElo "2359"]
[BlackElo "2532"]
[EventDate "2003.02.22"]

1. d4 f5 2. g3 Nf6 3. Bg2 g6 4. Nf3 Bg7 5. O-O O-O 6. c4 d6 7. Nc3 e6 8.
Bg5 h6 9. Bxf6 Qxf6 10. e4 Nc6 11. exf5 exf5 12. d5 Nd4 13. Nxd4 Qxd4 14.
Qxd4 Bxd4 15. Nb5 Bb6 16. a4 a5 17. Rae1 Bd7 18. Re7 Rf7 19. Rfe1 Raf8 20.
Kf1 f4 21. gxf4 Rxf4 22. f3 Bf5 23. b3 Bd3+ 24. R1e2 R8f7 25. R7e6 g5 26.
Ke1 Bxe2 27. Rxe2 Kf8 28. Nc3 Rh4 29. h3 Rd4 30. Ne4 Rd3 31. Rb2 Bd4 32.
Rb1 Bc5 33. Ke2 Re3+ 34. Kd1 Bb4 35. Rb2 Kg7 0-1

[Event "Open"]
[Site "Cappelle la Grande FRA"]
[Date "2003.02.28"]
[Round "8"]
[White "Brustman,A"]
[Black "Malakhatko,V"]
[Result "1/2-1/2"]
[WhiteElo "2357"]
[BlackElo "2512"]
[EventDate "2003.02.22"]

1. e4 c5 2. Nf3 e6 3. d4 cxd4 4. Nxd4 Nf6 5. Nc3 Nc6 6. Nxc6 bxc6 7. e5 Nd5
8. Ne4 Qc7 9. f4 Qb6 10. c4 Bb4+ 11. Ke2 Ba6 12. Kf3 f5 13. exf6 Nxf6 14.
c5 Qa5 15. Nxf6+ gxf6 16. Bxa6 Qxa6 17. Qd4 Qb5 18. Be3 O-O-O 19. Rhc1 e5
20. Qc4 Qb7 21. Kf2 exf4 22. Bxf4 Rde8 23. Kg1 Rhg8 24. a3 Ba5 25. b4 Bc7
26. Bxc7 Qxc7 27. Re1 h5 28. Rad1 Rxe1+ 29. Rxe1 Rg5 30. Qa6+ Kd8 31. Qf1
Rd5 32. Qxf6+ Kc8 33. Qf1 Kb7 34. Qc4 a6 35. Qe4 Qd8 36. Qf4 Qg8 37. h3 Rg5
38. Re2 Rg7 39. Qe5 Rg5 40. Qf4 Rg7 41. Kh2 Qd5 42. Rd2 Qe6 43. Qd4 Rf7 44.
Rf2 Rxf2 45. Qxf2 Qe5+ 46. Qg3 Qf6 47. Qd6 Qg7 48. Qf4 Kc8 49. Qg3 Qh7
1/2-1/2

[Event "Open"]
[Site "Cappelle la Grande FRA"]
[Date "2003.02.28"]
[Round "8"]
[White "Collutiis,D"]
[Black "Grabarczyk,M"]
[Result "0-1"]
[WhiteElo "2325"]
[BlackElo "2506"]
[EventDate "2003.02.22"]

1. Nc3 e5 2. Nf3 Nc6 3. d4 exd4 4. Nxd4 Nf6 5. Bg5 Bb4 6. Nxc6 dxc6 7.
Qxd8+ Kxd8 8. O-O-O+ Ke7 9. Ne4 h6 10. Bxf6+ gxf6 11. e3 h5 12. a3 Bd6 13.
h4 Bg4 14. Nxd6 cxd6 15. Rd2 d5 16. c3 Bf5 17. Be2 Rag8 18. g3 Bg4 19. Bxg4
Rxg4 20. Rd4 f5 21. Rhd1 Rd8 22. R1d2 Rd6 23. Kd1 Ke6 24. Ke2 c5 25. R4d3
a5 26. Kf3 a4 27. Ke2 Rg8 28. f3 Rgd8 29. Kf2 Ke5 30. Ke2 Rb6 31. Kf2 Rg6
32. Rd1 Rb6 33. R1d2 Rd7 34. Ke2 Rg6 35. Kf2 Rgd6 36. Rd1 Rc6 37. R1d2 Rd8
38. Ke2 Ke6 39. Kf2 Rdd6 40. Rd1 Rb6 41. R1d2 Rb3 42. Ke2 Rbb6 43. Kf2 Ke5
44. Ke2 Ke6 45. Kf2 Rb3 46. Ke2 c4 47. Rd4 Rdb6 48. Rxd5 Rxb2 49. e4 fxe4
50. fxe4 R2b3 51. Rxh5 Rxc3 52. Rh6+ f6 53. g4 Rxa3 54. g5 Ke5 55. Rc2 Rh3
56. Rxf6 Rxf6 57. gxf6 Kxf6 58. Rxc4 a3 59. Kd2 b5 60. Rc6+ Ke7 61. Kc1
Rh1+ 0-1

[Event "Open"]
[Site "Cappelle la Grande FRA"]
[Date "2003.02.28"]
[Round "8"]
[White "Reefschlaeger,H"]
[Black "Marcelin,C"]
[Result "0-1"]
[WhiteElo "2315"]
[BlackElo "2503"]
[EventDate "2003.02.22"]

1. d4 Nf6 2. Nf3 e6 3. e3 g6 4. Be2 Bg7 5. O-O O-O 6. Nbd2 d5 7. c4 b6 8.
b4 Bb7 9. Bb2 dxc4 10. Nxc4 Nbd7 11. Rc1 Ne4 12. b5 a6 13. a4 axb5 14. axb5
Bd5 15. Ra1 Qb8 16. Nfd2 Rxa1 17. Bxa1 Nxd2 18. Nxd2 Qa8 19. f3 Qa3 20. e4
Bb7 21. Nb3 c6 22. Qc2 Rc8 23. Bc3 cxb5 24. Ra1 Qd6 25. Qd2 Bh6 26. Qxh6
Rxc3 27. Rb1 b4 28. Qg5 Bc6 0-1

[Event "Open"]
[Site "Cappelle la Grande FRA"]
[Date "2003.02.28"]
[Round "8"]
[White "Van Hoolandt,P"]
[Black "Palo,D"]
[Result "0-1"]
[WhiteElo "2270"]
[BlackElo "2484"]
[EventDate "2003.02.22"]

1. c4 Nf6 2. g3 c6 3. Nf3 d5 4. b3 dxc4 5. bxc4 e5 6. Nc3 Bd6 7. Bg2 O-O 8.
O-O Re8 9. d3 Nbd7 10. Bb2 Qe7 11. Nd2 Nc5 12. Nb3 Bf5 13. Nxc5 Bxc5 14.
Na4 Bd6 15. c5 Bxc5 16. Nxc5 Qxc5 17. Qd2 Qd6 18. f4 e4 19. Qa5 Qe6 20. g4
Bxg4 21. f5 Qd6 22. dxe4 Nxe4 23. Qa4 Qd2 24. Rab1 Bxe2 25. Bc1 Qd5 26. Ba3
Bxf1 27. Rxf1 Qd3 28. h3 Qe3+ 29. Kh2 Qg3+ 30. Kg1 Nd2 31. Rd1 Nf3+ 0-1

[Event "Open"]
[Site "Cappelle la Grande FRA"]
[Date "2003.02.28"]
[Round "8"]
[White "Royer,S"]
[Black "Yandemirov,V"]
[Result "0-1"]
[WhiteElo "2269"]
[BlackElo "2469"]
[EventDate "2003.02.22"]

1. Nf3 Nf6 2. c4 g6 3. Nc3 d5 4. cxd5 Nxd5 5. Qa4+ Bd7 6. Qh4 Nxc3 7. dxc3
Nc6 8. e4 e5 9. Bg5 Be7 10. Bc4 h6 11. Bxe7 Qxe7 12. Qxe7+ Kxe7 13. O-O-O
Bg4 14. Rd3 Bxf3 15. Rxf3 Rhf8 16. Bd5 Nd8 17. Rh3 Rh8 18. Rd1 c6 19. Bb3
Rc8 20. Rhd3 Rc7 21. a3 b6 22. Ba2 Rf8 23. Rh3 h5 24. Rd2 Nb7 25. Re3 Rd7
26. Rxd7+ Kxd7 27. b4 Nd6 28. Bb3 h4 29. Kc2 Ke7 30. Kd3 Ra8 31. Re2 a5 32.
a4 Rd8 33. Kc2 Nb7 34. Rd2 Rxd2+ 35. Kxd2 Nd6 36. Kd3 Kf6 37. g3 hxg3 38.
hxg3 Ke7 39. f3 Kd7 40. Bd1 Ke7 41. Bb3 Kf8 42. Bd1 f6 43. Bb3 Ke7 44. Bd1
Kf7 45. Bb3+ Kg7 46. Be6 Kh6 47. bxa5 bxa5 48. Bd7 c5 49. Be6 Kg5 50. Bd5
f5 51. Be6 f4 52. g4 Kh4 53. Ke2 Kg3 54. Bd5 g5 55. Be6 Kg2 56. Bd5 Nc8 0-1

[Event "Open"]
[Site "Cappelle la Grande FRA"]
[Date "2003.02.28"]
[Round "8"]
[White "Gharamian,T"]
[Black "Bobras,P"]
[Result "0-1"]
[WhiteElo "2239"]
[BlackElo "2441"]
[EventDate "2003.02.22"]

1. e4 c5 2. Nc3 d6 3. f4 Nc6 4. Nf3 g6 5. Bc4 Bg7 6. O-O e6 7. d3 Nge7 8.
Qe1 h6 9. Qh4 a6 10. a4 Nd4 11. Nxd4 cxd4 12. Ne2 d5 13. Ba2 dxe4 14. dxe4
d3 15. cxd3 Qxd3 16. Ng3 Bd7 17. e5 Bc6 18. Bb1 Qd4+ 19. Kh1 Bxe5 20. Ra3
Bf6 21. Qh3 O-O-O 22. Ne2 Qe4 23. Qe3 Nf5 24. Qa7 Qc4 25. Re1 Rd1 26. Rxd1
Qxe2 27. Qg1 Bxg2+ 28. Qxg2 Qxd1+ 29. Qg1 Qd5+ 30. Qg2 Qd1+ 31. Qg1 Rd8 0-1

[Event "Open"]
[Site "Cappelle la Grande FRA"]
[Date "2003.03.01"]
[Round "9"]
[White "Rozentalis,E"]
[Black "Schlosser,P"]
[Result "1/2-1/2"]
[WhiteElo "2585"]
[BlackElo "2534"]
[EventDate "2003.02.22"]

1. e4 c6 2. Nc3 d5 3. Nf3 Bg4 4. h3 Bxf3 5. Qxf3 e6 6. d3 Nf6 7. g3 Bb4 8.
a3 Bxc3+ 9. bxc3 Qa5 10. Bd2 dxe4 11. dxe4 Nbd7 1/2-1/2

[Event "Open"]
[Site "Cappelle la Grande FRA"]
[Date "2003.03.01"]
[Round "9"]
[White "Bocharov,D"]
[Black "Areshchenko,A"]
[Result "1/2-1/2"]
[WhiteElo "2524"]
[BlackElo "2566"]
[EventDate "2003.02.22"]

1. d4 Nf6 2. Nf3 g6 3. c4 Bg7 4. g3 d5 5. cxd5 Nxd5 6. Bg2 Nb6 7. O-O Nc6
8. e3 e5 9. Nc3 exd4 10. exd4 O-O 11. Bg5 1/2-1/2

[Event "Open"]
[Site "Cappelle la Grande FRA"]
[Date "2003.03.01"]
[Round "9"]
[White "Nalbandian,T"]
[Black "Jaracz,P"]
[Result "1/2-1/2"]
[WhiteElo "2465"]
[BlackElo "2546"]
[EventDate "2003.02.22"]

1. Nf3 c5 2. g3 Nc6 3. Bg2 g6 4. O-O Bg7 5. c3 e5 6. e4 Nge7 7. Na3 O-O 8.
Nc4 d6 9. d3 h6 10. Qb3 Rb8 11. a4 Be6 12. Qc2 Qd7 13. Bd2 f5 14. b3 Rf7
15. Rae1 Rbf8 16. exf5 Nxf5 17. h4 Bd5 18. Nh2 Bxg2 19. Kxg2 Nd8 20. Ne3
Ne6 21. Qd1 Kh7 22. Qc2 Nxe3+ 23. fxe3 e4 24. dxe4 Kg8 25. e5 d5 1/2-1/2